Вовлечение и удержание студентов в цифровой среде: технологии эффективности: электронный курс

Dettagli Bibliografici
Autore principale: Исаева Е. В. Евгения Владимировна
Ente Autore: Национальный исследовательский Томский политехнический университет Управление проректора по образовательной деятельности Управление международной образовательной деятельности Центр развития международного партнерства (570)
Altri autori: Лобаненко О. Б. Ольга Борисовна, Ситникова О. В. Оксана Валерьевна
Riassunto:Заглавие с экрана
Целью курса является развитие способностей эффективно применять активные/интерактивные методы, онлайн-инструменты, технологии при организации учебного процесса в цифровой среде. Программа рекомендуется для специалистов, имеющих опыт работы с онлайн-курсами не менее одного года. В курсе рассматривается: применение разных технологий и инструментов организации совместной деятельности студентов; использование в онлайн-курсе интерактива; использование элементов геймификации в онлайн-курсе; организация обучения в технологии "перевернутый класс". Особое внимание уделяется связи основных принципов цифровой дидактики и реализации онлайн-курса по дисциплине.
Интерактивный мультимедиа ресурс
AM_Login_TPU
Lingua:russo
Pubblicazione: Томск, TPU Moodle, 2024
Soggetti:
Accesso online:https://design.lms.tpu.ru/course/view.php?id=4904
Natura: Elettronico Libro
KOHA link:https://koha.lib.tpu.ru/cgi-bin/koha/opac-detail.pl?biblionumber=675090

MARC

LEADER 00000nlm0a2200000 4500
001 675090
005 20241004135714.0
090 |a 675090 
100 |a 20241002d2024 m||y0rusy50 ca 
101 0 |a rus 
102 |a RU 
105 |a a j 000yy 
135 |a jrcn ---uucaa 
181 0 |a i   |b  e  
182 0 |a b 
183 0 |a cr  |2 RDAcarrier 
200 1 |a Вовлечение и удержание студентов в цифровой среде: технологии эффективности  |e электронный курс  |f Исаева Евгения Владимировна, Лобаненко Ольга Борисовна, Ситникова Оксана Валерьевна  |g Национальный исследовательский Томский политехнический университет, Учебно-научный центр "Организация и технологии высшего профессионального образования" 
203 |a Текст  |c электронный  |b визуальный 
210 |a Томск  |c TPU Moodle  |d 2024 
283 |a online_resource  |2 RDAcarrier 
300 |a Заглавие с экрана 
330 |a Целью курса является развитие способностей эффективно применять активные/интерактивные методы, онлайн-инструменты, технологии при организации учебного процесса в цифровой среде. Программа рекомендуется для специалистов, имеющих опыт работы с онлайн-курсами не менее одного года. В курсе рассматривается: применение разных технологий и инструментов организации совместной деятельности студентов; использование в онлайн-курсе интерактива; использование элементов геймификации в онлайн-курсе; организация обучения в технологии "перевернутый класс". Особое внимание уделяется связи основных принципов цифровой дидактики и реализации онлайн-курса по дисциплине. 
336 |a Интерактивный мультимедиа ресурс 
371 |a AM_Login_TPU 
606 1 |a Информационные технологии в образовании  |9 84098 
610 1 |a электронный ресурс 
610 1 |a труды учёных ТПУ 
610 1 |a электронное обучение 
610 1 |a кампусные онлайн-курсы 
610 1 |a дистанционное образование 
610 1 |a дистанционное обучение 
610 1 |a e-learning 
610 1 |a Moodle 
610 1 |a цифровая дидактика 
610 1 |a оценивание 
610 1 |a облачные технологии 
610 1 |a интерактивные элементы 
610 1 |a элементы геймификации 
686 |2 rubbk  |a Ч481.23 
700 1 |a Исаева  |b Е. В.  |c лингвист  |c доцент Томского политехнического университета, кандидат филологических наук  |f 1974-  |g Евгения Владимировна  |9 16966 
701 1 |a Лобаненко  |b О. Б.  |c специалист в области электронного обучения  |c ведущий программист, старший преподаватель Томского политехнического университета  |f 1961-  |g Ольга Борисовна  |9 12488 
701 1 |a Ситникова  |b О. В.  |c специалист в области информатики и вычислительной техники  |c ведущий программист, доцент Томского политехнического университета, кандидат технических наук  |f 1978-  |g Оксана Валерьевна  |9 12491 
712 0 2 |a Национальный исследовательский Томский политехнический университет  |c (2009- )  |b Управление проректора по образовательной деятельности  |b Управление международной образовательной деятельности  |b Центр развития международного партнерства  |9 26305  |4 570 
801 0 |a RU  |b 63413507  |c 20241002  |g RCR 
850 |a 63413507 
856 4 |u https://design.lms.tpu.ru/course/view.php?id=4904  |z https://design.lms.tpu.ru/course/view.php?id=4904 
942 |c CF